Catálogo

Historia de la filosofía en el México colonial / (Registro nro. 62717)

Detalles MARC
000 -LEADER
fixed length control field 00666nam a2200205 u 4500
001 - CONTROL NUMBER
control field 62717
005 - DATE AND TIME OF LATEST TRANSACTION
control field 20180714064841.0
008 - FIXED-LENGTH DATA ELEMENTS--GENERAL INFORMATION
fixed length control field 150529s1997 sp r 000 0 spa d
020 ## - INTERNATIONAL STANDARD BOOK NUMBER
International Standard Book Number 84-254-1998-0
082 0# - DEWEY DECIMAL CLASSIFICATION NUMBER
Classification number 199.72
100 1# - MAIN ENTRY--PERSONAL NAME
Personal name Beuchot, Mauricio,
Dates associated with a name 1950-
245 10 - TITLE STATEMENT
Title Historia de la filosofía en el México colonial /
Statement of responsibility, etc. Mauricio Beuchot.
264 #1 - PRODUCTION, PUBLICATION, DISTRIBUTION, MANUFACTURE, AND COPYRIGHT NOTICE
Place of production, publication, distribution, manufacture España :
Name of producer, publisher, distributor, manufacturer Editorial Herder;
Date of production, publication, distribution, manufacture, or copyright notice 1997
300 ## - PHYSICAL DESCRIPTION
Extent 280 páginas ;
Dimensions 22 cm.
336 ## - CONTENT TYPE
Content type term texto
Source rdacontent
337 ## - MEDIA TYPE
Media type term sin mediación
Source rdamedia
338 ## - CARRIER TYPE
Carrier type term volumen
Source rdacarrier
650 #4 - SUBJECT ADDED ENTRY--TOPICAL TERM
Topical term or geographic name entry element Filosofía
General subdivision Historia
-- México
650 #4 - SUBJECT ADDED ENTRY--TOPICAL TERM
Topical term or geographic name entry element México
General subdivision Colonia,1521-1821
-- Historia
-- México
Existencias
Withdrawn status Lost status Source of classification or shelving scheme Damaged status Not for loan Collection code Home library Current library Shelving location Date acquired Source of acquisition Inventory number Total Checkouts Total Renewals Full call number Barcode Date last seen Date last checked out Price effective from Koha item type
    Dewey Decimal Classification     General Biblioteca Karol Wojtyla Biblioteca Karol Wojtyla Sala general 29/05/2015 Compra 151000000000000000062511 3 1 199.72 BEU 1997 92913 08/09/2025 21/08/2023 29/05/2015 Libro